15 najbardziej dotkniętych krajów Covid-19 - 6 maja - Statystyki

Ogólne statystyki
  • Ten quiz został rozwiązany 50 razy
  • Średni wynik to 12 z 24
Statystyki odpowiedzi
kraj % Poprawnych
Chiny
98%
Stany Zjednoczone
93%
Hiszpania
83%
Rosja
83%
Francja
80%
Niemcy
80%
Włochy
76%
Brazylia
72%
Indie
70%
Wielka Brytania
67%
Kanada
63%
Portugalia
52%
Iran
43%
Szwecja
43%
Belgia
37%
Turcja
37%
Holandia
35%
Irlandia
28%
Szwajcaria
22%
Katar
15%
Peru
15%
Białoruś
11%
Singapur
7%
Bahrajn
4%
Nie znaleziono quizów pasujących do podanych kryteriów
Rozkład punktacji
Procent ludzi z każdym wynikiem
Percentyl według liczby udzielonych odpowiedzi
Twoja historia wyników
Nie rozwiązałeś tego quizu